|
|
|
|
| LEADER |
00000cam a2200000 7i4500 |
| 001 |
0000004316 |
| 005 |
20050509.0 |
| 020 |
|
|
|a 0201554194
|
| 040 |
|
|
|a INS
|
| 090 |
0 |
0 |
|a HD41.
|b T67 1995
|
| 100 |
1 |
|
|a Treacy, Michael
|
| 245 |
1 |
4 |
|a The discipline of market leaders :
|b Choose your customers, narrow your focus, dominate your market
|c Michael and Fredd Miersema
|
| 260 |
|
|
|a Reading :
|b Addison - Wesley ,
|c 1995
|
| 300 |
|
|
|a 208 pgs.
|
| 650 |
0 |
0 |
|a Completion
|
| 650 |
0 |
0 |
|a Customer service
|
| 650 |
0 |
0 |
|a Market segmentation
|
| 650 |
0 |
0 |
|a Quality of product
|
| 700 |
1 |
|
|a Miersema ,
|c Fredd
|
| 999 |
|
|
|a 0000007225
|b BOOK
|c Open Shelf
|e Default branch
|